000
00307nam a22001337a 4500
008
170621b xxu||||| |||| 00| 0 eng d
020
_a
9780671657222
041
_a
eng
080
_a
32
100
_a
20
101
_a
SHP
245
_a
NIXON/ THE EDUCATION OF A POLITICIAN
_c
AMBROSE, S.E
942
_2
udc
_c
BK
999
_c
18472
_d
18472